ACQUIRED BRAIN INJURY (Record no. 15428)

MARC details
000 -LEADER
fixed length control field 00292nam a22001337a 4500
003 - CONTROL NUMBER IDENTIFIER
control field SGT
020 ## - INTERNATIONAL STANDARD BOOK NUMBER
International Standard Book Number 978-0-387-37574-8
082 ## - DEWEY DECIMAL CLASSIFICATION NUMBER
Classification number 612.826
Item number A07E
100 ## - MAIN ENTRY--PERSONAL NAME
Personal name ELBAUM, JEAN
245 ## - TITLE STATEMENT
Title ACQUIRED BRAIN INJURY
260 ## - PUBLICATION, DISTRIBUTION, ETC. (IMPRINT)
Place of publication, distribution, etc NEW YORK
Name of publisher, distributor, etc SPRINGIER
Year of Publication 2007
300 ## - PAGE DESCRIPTION
No. of Pages 298
942 ## - ADDED ENTRY ELEMENTS (KOHA)
Source of classification or shelving scheme Dewey Decimal Classification
Koha item type Books
Holdings
Withdrawn status Lost status Source of classification or shelving scheme Damaged status Not for loan Collection code Home library Current library Shelving location Date acquired Vendor Name SGTU Bill Number Total Checkouts Full call number Accession No. (Barcode) Date last seen Bill Date Koha item type
    Dewey Decimal Classification   Not For Loan MEDICAL SGT Medical Library SGT Medical Library Reference Book 06/04/2018 ABC SGTU 9529   612.826 A07E FM10558 06/04/2018 26/03/2018 Books